00806cam a22002412 450000100060000000300080000600500170001400800390003103500190007004000370008904100080012608200240013410000410015824500420019925000120024126000460025330000450029950400200034465000270036494200120039199900170040395201440042012672BD-RjUL20211208235334.0140129t1948 nyua b 001 0 eng a(BD-RjUL)12722 aDLCcWSUdSERdEQOdBD-RjULbeng aeng00a536.7216bOBT 19481 aObert, Edward F.,d1910-1993.93945310aThermodynamics /cby Edward F. Obert. a1st ed. aNew York :bMcGraw-Hill Book Co.,cc1948. axiv, 571 p. :billus., diagrs. ;c24 cm. aIncludes index. 0aThermodynamics.939454 2ddccBK c12672d12672 00102ddc40718NFICaRUCLbRUCLcReadingd1959-01-03eMagraw hill bookg6.98l0o536.7 OBT 1948r2014-01-29 00:00:00tC-1w2014-01-29yBK